000 00752nam a2200289Ia 4500
005 20260324121614.0
008 008 260324s9999 xx 000 0 eng d
020 _a9780203381533
037 _aEBOOK
040 _aCRL
040 _beng
040 _cCRL
041 _2eng
041 _aeng
084 _qCRL
100 _aAndrej Zwitter; Liesbet Heyse; Rafael Wittek; Joost Herman
_91163157
245 0 _aHumanitarian Crises, Intervention and Security
245 2 _bA Framework for Evidence-Based Programming
260 _bTaylor and Francis
260 _c2014
365 _a
365 _b265
856 _uhttp://www.taylorfrancis.com/books/9780203381533
942 _cEBOOK
999 _c1755383
_d1755383